000 01249nam a2200229Ia 4500
003 Ost
005 20260507075509.0
008 260507s9999||||xx |||||||||||||| ||und||
020 _a9789957701628
040 _cfsecg
041 _aara
082 _a350
100 _aدرادكة، أمجد محمود محمد
_eمؤلف
245 0 _aالإدارة والتخطيط التربوي رؤى جديدة /
_c أمجد محمود محمد درادكة
260 _aعمان:
_bعالم الكتب الحديث,
_c2009
300 _a339 صفحة؛
_bإيضاحات ؛
_c24 سم
504 _aببليوغرافيا:ص ص.325-339
520 _aالإدارة العامة-التربوية-المدرسية-الصفية،نماذج حديثة في الإدارة،أنماط السلوك الاداري،الإدارة في الاسلام،تنظيم الادارة التعليمية في المملكة العربية السعودية،الوظائف الادارية في المدرسة،التخطيط التعليمي وأساليبه،مشكلات التخطيط التعليمي وطرق علاجها،دور التعليم في التنمية
653 _aالإدارة
653 _aالتخطيط التربوي
942 _cكتاب
999 _c44727
_d44727